Movies Quiz

Random Movies or Actress Quiz

Multi-Oscar Actors Quiz Stats

 Plays Quiz Updated Feb 25, 2021

Support Sporcle.
Go Orange.
Score 0/44 Timer 05:00
0 Plays Today
# Actor/Actress % Correct
2Tom Hanks
93.5%
2Anthony Hopkins
91.2%
3Jack Nicholson
89.2%
2Dustin Hoffman
87.6%
2Marlon Brando
83.3%
2Robert De Niro
82.9%
3Meryl Streep
81.6%
2Sean Penn
81.5%
2Jodie Foster
76.4%
3Daniel Day-Lewis
75.9%
2Denzel Washington
75.3%
2Kevin Spacey
75%
2Hilary Swank
73.6%
3Frances McDormand
70.5%
2Cate Blanchett
69%
2Renée Zellweger
67%
4Katharine Hepburn
65.5%
2Mahershala Ali
64%
2Gene Hackman
57.3%
2Christoph Waltz
55.7%
2Michael Caine
51.8%
2Jane Fonda
49.9%
# Actor/Actress % Correct
2Sally Field
48.1%
2Vivien Leigh
47.9%
2Elizabeth Taylor
44.1%
2Gary Cooper
38.1%
2Melvyn Douglas
36.3%
2Bette Davis
34%
2Jessica Lange
33.2%
2Spencer Tracy
32%
3Ingrid Bergman
30.5%
2Maggie Smith
30.3%
2Jack Lemmon
29.5%
2Dianne Wiest
21%
2Glenda Jackson
20.7%
2Jason Robards
19.1%
2Anthony Quinn
17.2%
2Fredric March
15%
2Peter Ustinov
14.5%
2Olivia de Havilland
13.6%
2Helen Hayes
12.8%
3Walter Brennan
12.2%
2Shelley Winters
12%
2Luise Rainer
10.2%

You're not logged in!

Compare scores with friends on all Sporcle quizzes.
OR
Log In

From the Vault

5 by 5 Gaming Characters

by lolshortee

Unlike a bingo grid, there's no free space here.
Remove Ads.
Support Sporcle.
Get the best of Sporcle when you Go Orange. This ad-free experience offers more features, more stats, and more fun while also helping to support Sporcle. Thank you for becoming a member.

Show Comments

Extras

Top Quizzes Today


Score Distribution

Your Account Isn't Verified!

In order to create a playlist on Sporcle, you need to verify the email address you used during registration. Go to your Sporcle Settings to finish the process.

Report this User

Report this user for behavior that violates our Community Guidelines.

Details: